| 000 | 00616nam a2200205 a 4500 | ||
|---|---|---|---|
| 001 | 000004756 | ||
| 005 | 20200929151510.0 | ||
| 008 | 810123s1963 mx 000 1 spa c | ||
| 040 |
_aDO-SdBNP _bspa _cBNPHU |
||
| 082 |
_aM863.62 _bA888c |
||
| 100 | 1 |
_aAub, Max, _d1903-1972. _913819 |
|
| 245 | 1 | 0 |
_aCampo del moro / _cMax Aub. |
| 260 |
_aMéxico : _bJoaquín Mortiz, _c1963. |
||
| 300 |
_a256 p. ; _c20 cm. |
||
| 490 | 1 | _aNovelistas contemporáneos | |
| 650 | 4 |
_aNovela mexicana _93959 |
|
| 650 | 4 |
_aLiteratura mexicana _91922 |
|
| 830 | 0 |
_aNovelistas contemporáneos. _911918 |
|
| 910 | _aCatalogación por copia / LC | ||
| 999 |
_c4562 _d4562 |
||